000 00692nam a22002177a 4500
003 OSt
005 20151028151439.0
008 131024b xxu||||| |||| 00| 0 eng d
020 _a9781906345334
050 _aPE 1471
_b.Of31 2010
100 _aO' Farrell, Finbar
245 _aExtended essay :
_bapproach your assessment the IB way /
_cFInbar o'Farrell.
260 _aUnited Kingdom :
_bInternational Baccalaureate Organization,
_cc2010.
300 _a91 p. :
_bill. col. ;
_c27 cm.
650 _aWriting extended Essay
650 _aExtended Essay
650 _aplanning extended essay
650 _aWriting Extended essay
_xhow
942 _2lcc
_cBK
999 _c13313
_d13313